Faktor kemanusiaan

Bibliographic Details
Main Author: Garner, Steve
Format: Book
Published: Kuala Lumpur : Fajar Bakti , 1993
Series:Topik rekabentuk
Subjects:

MARC

LEADER 00000cam a2200000 7i4500
001 0000000934
002 000001041
005 20060119.0
020 |a 9676525502 
090 0 0 |a 600   |b GAR 
100 1 |a Garner, Steve 
245 1 0 |a Faktor kemanusiaan   |c Steve Garner 
260 |a Kuala Lumpur :   |b Fajar Bakti ,   |c 1993 
300 |a 64p :   |b ill ;   |c 28cm. 
490 0 |a Topik rekabentuk 
650 0 0 |a Technology   |x Juvenile literature 
999 |a 029549   |b BUKU   |c JUNIOR BOOKS   |e PERPUSTAKAAN KOMUNITI CAW KOTA DAMANSARA